|
|
|
|
| LEADER |
00000cam a2200000 7i4500 |
| 001 |
0000002609 |
| 005 |
20160720.0 |
| 008 |
070713 |
| 020 |
|
|
|a 9789673074495
|
| 020 |
|
|
|a 9831513843
|
| 090 |
0 |
0 |
|a JF
|b AD MAL (3523)
|
| 100 |
0 |
|
|a Badrul Hisham, Nurul Jannah
|
| 245 |
1 |
0 |
|a Misteri jam menjerit
|c Badrul Hisham, Nurul Jannah
|
| 260 |
|
|
|a Kuala Lumpur :
|b Penerbitan Fargoes ,
|c 2001, 2010
|
| 440 |
|
|
|a Siri 3 penyiasat
|
| 500 |
|
|
|a Children ages 7-9 years old (orange)
|
| 650 |
|
0 |
|a Adventure
|
| 650 |
|
0 |
|a Junior fiction
|x Malay
|x Languages
|
| 710 |
0 |
|
|a Title
|
| 999 |
|
|
|a 0000867380
|b Book
|c Children Collection
|e Cawangan Segamat
|
| 999 |
|
|
|a 0000867381
|b Book
|c Children Collection
|e Cawangan Segamat
|
| 999 |
|
|
|a 0000881835
|b Book
|c Children Collection
|e Cawangan Pontian
|
| 999 |
|
|
|a 0000881837
|b Book
|c Children Collection
|e Cawangan Bandar Penawar
|
| 999 |
|
|
|a 0000881844
|b Book
|c Children Collection
|e Cawangan Segamat
|
| 999 |
|
|
|a 0000881845
|b Book
|c Children Collection
|e Cawangan Pontian
|
| 999 |
|
|
|a 0000881846
|b Book
|c Children Collection
|e Cawangan Taman Universiti
|
| 999 |
|
|
|a 0000969058
|b Book
|c Children Collection
|e Perbadanan Perpustakaan Awam Johor
|
| 999 |
|
|
|a 0000969059
|b Book
|c Children Collection
|e Perbadanan Perpustakaan Awam Johor
|
| 999 |
|
|
|a 0000969060
|b Book
|c Children Collection
|e Perbadanan Perpustakaan Awam Johor
|
| 999 |
|
|
|a 0000969061
|b Book
|c Children Collection
|e Cawangan Tangkak
|
| 999 |
|
|
|a 0001091841
|b Book
|c Children Collection
|e Cawangan Segamat
|
| 999 |
|
|
|a 0001091871
|b Book
|c Children Collection
|e Cawangan Segamat
|
| 999 |
|
|
|a 0001091888
|b Book
|c Children Collection
|e Cawangan Bukit Gambir
|
| 999 |
|
|
|a 0001091936
|b Book
|c Children Collection
|e Cawangan Pontian
|
| 999 |
|
|
|a 0001091968
|b Book
|c Children Collection
|e Cawangan Tangkak
|
| 999 |
|
|
|a 0001092064
|b Book
|c Children Collection
|e Cawangan Kota Tinggi
|
| 999 |
|
|
|a 0001092065
|b Book
|c Children Collection
|e Cawangan Taman Universiti
|
| 999 |
|
|
|a 0001092096
|b Book
|c Children Collection
|e Cawangan Taman Universiti
|
| 999 |
|
|
|a 0001092129
|b Book
|c Children Collection
|e Cawangan Mersing
|
| 999 |
|
|
|a 0001092159
|b Book
|c Children Collection
|e Cawangan Pontian
|
| 999 |
|
|
|a 0001092192
|b Book
|c Children Collection
|e Cawangan Bandar Penawar
|
| 999 |
|
|
|a 0001092193
|b Book
|c Children Collection
|e Cawangan Bukit Gambir
|
| 999 |
|
|
|a 0001092209
|b Book
|c Children Collection
|e Cawangan Tangkak
|
| 999 |
|
|
|a 0001092256
|b Book
|c Children Collection
|e Cawangan Tmn. Ungku Tun Aminah
|
| 999 |
|
|
|a 0001094294
|b Book
|c Children Collection
|e Cawangan Taman Universiti
|
| 999 |
|
|
|a 0001094310
|b Book
|c Children Collection
|e Cawangan Mersing
|
| 999 |
|
|
|a 0001094327
|b Book
|c Children Collection
|e Cawangan Bukit Gambir
|
| 999 |
|
|
|a 0001094359
|b Book
|c Children Collection
|e Cawangan Taman Universiti
|
| 999 |
|
|
|a 0001094375
|b Book
|c Children Collection
|e Cawangan Kota Tinggi
|
| 999 |
|
|
|a 0001094391
|b Book
|c Children Collection
|e Cawangan Bandar Penawar
|
| 999 |
|
|
|a 0001094407
|b Book
|c Children Collection
|e Cawangan Segamat
|
| 999 |
|
|
|a 0001094440
|b Book
|c Children Collection
|e Cawangan Taman Sri Lambak
|
| 999 |
|
|
|a 0001094472
|b Book
|c Children Collection
|e Cawangan Kota Tinggi
|
| 999 |
|
|
|a 0001094488
|b Book
|c Children Collection
|e Cawangan Bukit Gambir
|
| 999 |
|
|
|a 0001094520
|b Book
|c Children Collection
|e Cawangan Mersing
|
| 999 |
|
|
|a 0001094552
|b Book
|c Children Collection
|e Cawangan Pontian
|
| 999 |
|
|
|a 0001094568
|b Book
|c Children Collection
|e Cawangan Segamat
|
| 999 |
|
|
|a 0001094600
|b Book
|c Children Collection
|e Cawangan Batu Pahat
|
| 999 |
|
|
|a 0001094615
|b Book
|c Children Collection
|e Cawangan Tmn. Ungku Tun Aminah
|
| 999 |
|
|
|a 0001094647
|b Book
|c Children Collection
|e Cawangan Bandar Tenggara
|
| 999 |
|
|
|a 0001094663
|b Book
|c Children Collection
|e Cawangan Tmn. Ungku Tun Aminah
|
| 999 |
|
|
|a 0001094679
|b Book
|c Children Collection
|e Cawangan Segamat
|